Statistics for Municipalities of Tochigi Prefecture

Click here to take the quiz!

General Stats

  • This quiz has been taken 61 times
  • The average score is 19 of 25

Answers on the Map

Answers color-coded by a green-red scale on the quiz's map according to % correct below.
 

Answer Stats

Answer% Correct
Nikko 日光
100%
Utsunomiya 宇都宮
100%
Oyama 小山
96%
Nasu 那須
92%
Nasushiobara 那須塩原
92%
Tochigi 栃木
88%
Sakura さくら
83%
Ashikaga 足利
79%
Kanuma 鹿沼
79%
Mooka 真岡
79%
Sano 佐野
79%
Motegi 茂木
75%
Nasukarasuyama 那須烏山
75%
Otawara 大田原
75%
Yaita 矢板
75%
Nogi 野木
71%
Shimotsuke 下野
71%
Haga 芳賀
67%
Mibu 壬生
67%
Shioya 塩谷
67%
Mashiko 益子
63%
Kaminokawa 上三川
58%
Nakagawa 那珂川
58%
Takanezawa 高根沢町
58%
Ichikai 市貝
54%

Score Distribution

Percentile by Number Answered

Percent of People with Each Score

Your Score History

You have not taken this quiz